000 00658nam a2200241Ia 4500
003 OSt
005 20221007102242.0
006 a|||||r|||| 00| 0
007 ta
008 221006b |||||||| |||| 00| 0 eng d
024 _a9,826
037 _cTextual
040 _aLCO
_cLCO
_beng
041 _2eng
_aeng
082 _aZ2,7,4, P4
100 _aSirohi J.P.S. Au.
245 0 _aMoot Court, Pretrial , Preparations and participation in Trial Proceedings
250 _a1st
260 _aAllahbad
_bLaw Agency Faridabad India
_c2004
300 _a440
942 _hZ2,7,4, P4
_cTEXL
999 _c1179389
_d1179389